| 000 | 00498cam a22002054a 4500 | ||
|---|---|---|---|
| 005 | 20250605164312.0 | ||
| 008 | 250528s ||||||||||||||||||||||||d | ||
| 035 | _a22555 | ||
| 020 | _a9781405186520 | ||
| 040 |
_aGR-AtMCL _bgre _dGR-AtMCL _eAACR2 |
||
| 245 | 1 | _aAN INTRODUCTION TO DEVELOPMENTAL PSYCHOLOGY | |
| 250 | _a2 | ||
| 260 |
_bBlackwell, _c2011 |
||
| 300 | _a771 | ||
| 700 | 1 |
_aBremner Gavin _95847 |
|
| 700 | 1 |
_aSlater Alan _98338 |
|
| 942 | _cBK | ||
| 999 |
_c7603 _d7603 |
||